000 00706nam a2200217 a 4500
001 BRCA_2012
005 20190320203632.0
008 170608s2005----mx-o######---#000-0#spa-#
020 _a9685437491
041 _aspa
044 _amx
050 4 _aHF3240
_b.R56 2005
100 1 _aRión Santisteban, María del Carmen
_96156
245 1 0 _aA cuarenta años del pasaje savoy
_cMaría del Carmen Rión Santisteban.
260 _aMéxico
_bNueva Guía
_c2005
300 _a318 p.
_bil. (algunas a color)
_c31 cm.
504 _aBibliografía: p. 317
650 1 4 _aComerciantes
_xHistoria
_ySiglo XX
_zCiudad de México
_96157
650 1 4 _aComercio
_xHistoria
_ySiglo XX
_zCiudad de México
_96158
942 _2lcc
_cB
999 _c1778
_d1778